| 000 | 01055cam a22003014a 4500 | ||
|---|---|---|---|
| 001 | 15249400 | ||
| 005 | 20220301145059.0 | ||
| 008 | 080405s2009 maua 001 0 eng | ||
| 010 | _a 2008272992 | ||
| 020 | _a9780321522504 | ||
| 020 | _a0321522508 | ||
| 040 |
_aDLC _cDLC _dDLC |
||
| 050 | 0 | 0 |
_aHB171.5 _b.B155 2009 |
| 082 | 0 | 0 |
_a338.5 _222 |
| 100 | 1 | _aBade, Robin. | |
| 245 | 1 | 0 |
_aFoundations of microeconomics / _cRobin Bade, Michael Parkin. |
| 250 | _a4th ed. | ||
| 260 |
_aBoston : _bPearson/Addison Wesley, _cc2009. |
||
| 300 |
_axxxix, 532, [24] p. : _bcol. ill. ; _c26 cm. |
||
| 490 | 0 | _aThe Addison-Wesley series in economics | |
| 500 | _aAccompanied by companion online practice and tutorial help Web services and resources. | ||
| 500 | _aIncludes index. | ||
| 650 | 0 | _aMicroeconomics. | |
| 700 | 1 |
_aParkin, Michael, _d1939- |
|
| 906 |
_a7 _bcbc _corigcop _d3 _encip _f20 _gy-gencatlg |
||
| 942 |
_2lcc _cBOOKS _hHB171.5 B155 2009 |
||
| 999 |
_c31266 _d31266 |
||